[Event "Mukachevo Summer Open"]
[Site "Mukachevo UKR"]
[Date "2012.06.29"]
[Round "7.3"]
[White "Sivuk,V"]
[Black "Kovalev,De"]
[Result "1/2-1/2"]
[WhiteElo "2454"]
[BlackElo "2484"]

1.e4 d6 2.d4 Nf6 3.Nc3 e5 4.Nf3 Nbd7 5.Bc4 Be7 6.O-O O-O 7.Re1 c6 8.a4 a5
9.h3 exd4 10.Nxd4 Nc5 11.Bf4 Re8 12.Qf3 Ncd7 13.Rad1 Qb6 14.e5 dxe5 15.Bxe5 Nxe5
16.Rxe5 Bd7 17.Nf5 Bxf5 18.Qxf5 Bf8 19.Rde1 Rxe5 20.Rxe5 Bd6 21.Bxf7+ Kh8
22.Re6 Qxb2 23.Rxd6 Qxc3 24.Qd3 Qe1+ 25.Kh2 Qe5+ 26.g3 Qe7 27.Bc4 Nd5 28.Qa3 Rf8
29.Bxd5 cxd5 30.Qc5 Rxf2+ 31.Qxf2 Qxd6 32.Qf7 h6 33.Qxb7 Qc5 34.Qb3 Qf2+
35.Kh1 d4 36.Qd3 g5 37.Qg6 Qf3+  1/2-1/2

[Event "ch-Pan Americano U20 w 2012"]
[Site "Sao Paulo BRA"]
[Date "2012.06.29"]
[Round "1.6"]
[White "Rothebarth,A"]
[Black "Alboredo,Julia"]
[Result "0-1"]
[WhiteElo "2022"]
[BlackElo "1740"]

1.e4 d6 2.d4 Nf6 3.Nc3 c6 4.Nf3 Qa5 5.Bd3 e5 6.dxe5 dxe5 7.Bd2 Qc7 8.O-O Be7
9.Qe2 O-O 10.Nd1 Nbd7 11.Bc3 b5 12.b3 Bd6 13.Nb2 Nc5 14.Rad1 Bg4 15.h3 Bh5
16.b4 Ne6 17.Qe3 a5 18.bxa5 b4 19.Be1 Bc5 20.Qc1 Bxf3 21.gxf3 Nf4 22.Bd2 N6h5
23.Bxf4 Nxf4 24.Rfe1 Nxh3+ 25.Kg2 Nf4+ 26.Kf1 Qc8 27.Re3 Bxe3 28.fxe3 Qh3+
29.Kf2 Qg2+ 30.Ke1 Qg3+ 31.Kf1 Qxf3+ 32.Ke1 Ng2+  0-1

[Event "Stockholm Master Open 2012"]
[Site "Stockholm SWE"]
[Date "2012.06.29"]
[Round "2.5"]
[White "Nygren,K"]
[Black "Bergstrom,R"]
[Result "0-1"]
[WhiteElo "2216"]
[BlackElo "2277"]

1.e4 d6 2.d4 Nf6 3.Nc3 e5 4.Nge2 Nbd7 5.g3 c6 6.Bg2 Be7 7.O-O b5 8.d5 Bb7
9.dxc6 Bxc6 10.Nd5 O-O 11.Be3 Nxd5 12.exd5 Bb7 13.Qd3 a5 14.Rfc1 Ba6 15.Qd2 Qc7
16.f4 Bf6 17.f5 Rfe8 18.g4 e4 19.c4 bxc4 20.g5 Be5 21.Nd4 Nc5 22.Nc6 Nd3
23.Rc2 a4 24.Rf1 Bb5 25.g6 Bf6 26.Nd4 Bxd4 27.Bxd4 f6 28.gxh7+ Kh8 29.Qe3 Qf7
30.h4 Nb4 31.Rcc1 Nxd5 32.Qg3 Ne7 33.Qxd6 Rad8 34.Qb6 Rb8 35.Qa7 Ra8 36.Qc7 Rac8
37.Qa7 Qd5 38.Bc3 Qd3 39.h5 Nd5 40.h6 Rc7 41.Qf2 e3 42.Qe1 e2 43.Rf3 Re3
44.Qg3 Rxf3 45.Qxf3 Nxc3 46.bxc3 Qd2 47.Qg3 Qd3 48.Bf3 Qe3+ 49.Kg2 Qxc1 50.Bd5 Qe3
51.Bf3 Qc1 52.Bd5 Qg5  0-1

[Event "Stockholm Master Open 2012"]
[Site "Stockholm SWE"]
[Date "2012.06.29"]
[Round "3.2"]
[White "Sagit,R"]
[Black "Bergstrom,R"]
[Result "1-0"]
[WhiteElo "2367"]
[BlackElo "2277"]

1.e4 d6 2.d4 Nf6 3.Nc3 e5 4.Nf3 Nbd7 5.Bc4 Be7 6.O-O O-O 7.Re1 a6 8.a4 h6
9.Ba2 c6 10.h3 b6 11.Be3 Bb7 12.Qd2 Kh7 13.Nh4 exd4 14.Bxd4 g6 15.Be3 Ng8
16.Nf3 Qc7 17.Nh2 b5 18.Ng4 h5 19.Nh2 Nc5 20.f3 Rad8 21.Nf1 Bc8 22.Qe2 Bf6
23.axb5 axb5 24.Nd1 Qe7 25.c3 Bg7 26.Nf2 Rfe8 27.Qc2 Be6 28.Bxe6 Qxe6 29.Ra7 Re7
30.Rea1 Na4 31.Ra6 Qc8 32.Ra5 Qb8 33.c4 Nxb2 34.cxb5 cxb5 35.Rb1 Rc8 36.Qe2 Qc7
37.Qxb5 Nc4 38.Ra7 Qd8 39.Bg5 f6 40.Rxe7 Nxe7 41.Bc1 d5 42.Ne3 Nd6 43.Qd3 dxe4
44.fxe4 Nf7 45.Qxd8 Nxd8 46.Ba3 Nec6 47.Nd5 Ra8 48.Bc5 Ne6 49.Be3 Rb8 50.Rc1 Ne5
51.Ra1 Rb7 52.Ra6 Nc7 53.Nxf6+ Kh8 54.Rd6 Nf7 55.Rd7 Bxf6 56.Rxf7 Rb1+ 57.Kh2 Be5+
58.Bf4 Bxf4+ 59.Rxf4 Kg7 60.h4 Re1 61.Rf3 Ne8 62.Kg3 Nf6 63.Kf4 Re2 64.g3 Kh6
65.Ke5  1-0

[Event "TCh-CHN 2012"]
[Site "Taizhou CHN"]
[Date "2012.06.29"]
[Round "7"]
[White "Yu Ruiyuan"]
[Black "Wang Rui"]
[Result "1/2-1/2"]
[WhiteElo "2511"]
[BlackElo "2407"]

1.e4 d6 2.d4 Nf6 3.Nc3 e5 4.Nf3 Nbd7 5.Bc4 Be7 6.O-O O-O 7.Re1 c6 8.a4 a5
9.h3 Qc7 10.Be3 h6 11.Ba2 Re8 12.Nh4 Nf8 13.Qf3 Be6 14.dxe5 dxe5 15.Nf5 Bxa2
16.Rxa2 Ne6 17.Ne2 Ng5 18.Bxg5 hxg5 19.Qe3 Nh5 20.Raa1 g6 21.Nxe7+ Qxe7 22.Qc3 Qb4
23.Qxb4 axb4 24.Red1 Red8 25.b3 Kf8 26.Kf1 Ke7 27.Ke1 Nf4 28.Nxf4 gxf4 29.Rxd8 Rxd8
30.Rd1 Ra8  1/2-1/2

[Event "40th TCh-GRE 2012"]
[Site "Achaea GRE"]
[Date "2012.06.30"]
[Round "1.15"]
[White "Georgakopoulos,N"]
[Black "Brunello,S"]
[Result "0-1"]
[WhiteElo "2337"]
[BlackElo "2592"]

1.e4 d6 2.d4 Nf6 3.Nc3 Nbd7 4.g3 c5 5.Nge2 e5 6.dxe5 Nxe5 7.Bg2 Bg4 8.h3 Bf3
9.O-O h6 10.Bf4 Qd7 11.Bxe5 Bxg2 12.Kxg2 dxe5 13.Qxd7+ Kxd7 14.f3 Kc6 15.Rfd1 c4
16.Nd5 Nxd5 17.Rxd5 Bc5 18.Rad1 Rhe8 19.Rd7 Re7 20.Rxe7 Bxe7 21.Nc3 Bc5 22.Nd5 b5
23.b4 Bd6 24.Ra1 a5 25.a4 bxa4 26.Rxa4 Bxb4 27.Nxb4+ Kb5 28.Nd5 Kxa4 29.Nb6+ Kb5
30.Nxa8 Kc6  0-1

[Event "9th Philadelphia International"]
[Site "Philadelphia USA"]
[Date "2012.06.30"]
[Round "4"]
[White "Nahutin,Y"]
[Black "Gokhale,C"]
[Result "1/2-1/2"]
[WhiteElo "1999"]
[BlackElo "2218"]

1.e4 d6 2.d4 Nf6 3.Nc3 e5 4.dxe5 dxe5 5.Qxd8+ Kxd8 6.Bg5 Be6 7.O-O-O+ Nd7
8.f4 exf4 9.Nf3 Kc8 10.Bxf4 Nh5 11.Be3 Bc5 12.Nd4 Nhf6 13.Be2 Bg4 14.Bf3 Ne5
15.Rhf1 Rd8 16.Bg1 Re8 17.Bxg4+ Nfxg4 18.h3 Nf6 19.Nf5 Bxg1 20.Rxg1 g6 21.Nh6 Nfd7
22.Rgf1 f6 23.Nd5 Rf8 24.b3 c6 25.Nf4 Re8 26.Rd6 Kc7 27.Rfd1 Re7 28.Ne6+ Kb6
29.Nf4 Kc7 30.Ne6+ Kb6 31.Nf4 Kc7 32.Ne6+ Kb6  1/2-1/2

[Event "XXI Adolf Anderssen Mem Prelim"]
[Site "Wroclaw POL"]
[Date "2012.06.30"]
[Round "5"]
[White "Siembab,B"]
[Black "Zeberski,J"]
[Result "0-1"]
[WhiteElo "2295"]
[BlackElo "2380"]

1.d4 d6 2.e4 Nf6 3.Nc3 e5 4.Nf3 Nbd7 5.Bc4 Be7 6.O-O O-O 7.Re1 c6 8.a4 b6
9.d5 cxd5 10.Nxd5 Bb7 11.b3 Rc8 12.Re2 Bxd5 13.Bxd5 Nxd5 14.Qxd5 Nf6 15.Qb5 d5
16.Nxe5 Nxe4 17.Nc6 Qd6 18.Nxe7+ Qxe7 19.Ba3 Qf6 20.Rf1 Nc3 21.Qd3 Nxe2+
22.Qxe2 Rfe8 23.Qd3 Rc3 24.Qxd5 Rxc2 25.g3 h6 26.a5 Ree2 27.Qg2 bxa5 28.Qa8+ Kh7
29.Qxa7 Qf5 30.Qd4 Qe4 31.Qa7 Re1 32.Rxe1 Qxe1+ 33.Kg2 Qe4+ 34.Kh3 Qf5+ 35.Kg2 Qd5+
36.Kh3 Qxb3 37.Qxa5 Ra2  0-1

[Event "XXI Adolf Anderssen Mem Prelim"]
[Site "Wroclaw POL"]
[Date "2012.06.30"]
[Round "9"]
[White "Jaracz,P"]
[Black "Kasparov,S"]
[Result "1/2-1/2"]
[WhiteElo "2514"]
[BlackElo "2506"]

1.e4 d6 2.d4 Nf6 3.Nc3 e5 4.Nf3 Nbd7 5.Bc4 Be7 6.O-O O-O 7.Re1 c6 8.a4 b6
9.b3 a6 10.Bb2 Bb7  1/2-1/2

[Event "40th TCh-GRE 2012"]
[Site "Achaea GRE"]
[Date "2012.07.01"]
[Round "2.1"]
[White "Vatkali,D"]
[Black "Hnara,Maria-Danai"]
[Result "1-0"]
[WhiteElo "1943"]
[BlackElo "1664"]

1.e4 d6 2.d4 Nf6 3.Nc3 Nbd7 4.Nf3 e5 5.g4 exd4 6.Nxd4 Nc5 7.Bg5 Bxg4 8.f3 Bd7
9.Qd2 h6 10.Be3 Ne6 11.O-O-O a6 12.Rg1 b5 13.Nf5 b4 14.Nd5 Nxd5 15.exd5 Ng5
16.Bxg5 f6 17.Bxh6 gxh6 18.Re1+ Kf7 19.Bd3 Bxf5 20.Bxf5 Bg7 21.Qg2  1-0

[Event "40th TCh-GRE 2012"]
[Site "Achaea GRE"]
[Date "2012.07.01"]
[Round "2.6"]
[White "Iordanidou,Z"]
[Black "Pambalou,F"]
[Result "1-0"]
[WhiteElo "2143"]
[BlackElo "2098"]

1.e4 d6 2.d4 Nf6 3.Nc3 e5 4.Nf3 Nbd7 5.Bc4 Be7 6.O-O O-O 7.h3 h6 8.Be3 c6
9.a4 Re8 10.Re1 Bf8 11.dxe5 dxe5 12.Qe2 Qc7 13.Nh4 Nb6 14.Bb3 a5 15.Qf3 Nbd7
16.Bxh6 Nc5 17.Ba2 Ne6 18.Bxe6 Bxe6 19.Be3 Bb4 20.Red1 Bxc3 21.bxc3 b5 22.Nf5 Red8
23.Rxd8+ Rxd8 24.Bg5 Bxf5 25.Qxf5 Rd6 26.Qf3 bxa4 27.Rxa4 c5 28.Qe2 Qb6 29.Kh2 Ne8
30.Be3 Nc7 31.Qc4 Ne6 32.Qa2 Qb7 33.f3 Qb5 34.c4 Qb6 35.Rxa5 Nd4 36.c3 Nb3  1-0

[Event "40th TCh-GRE 2012"]
[Site "Achaea GRE"]
[Date "2012.07.01"]
[Round "2.8"]
[White "Stoumbou,E"]
[Black "Moser,E"]
[Result "0-1"]
[WhiteElo "1950"]
[BlackElo "2469"]

1.e4 d6 2.d4 Nf6 3.Nc3 Nbd7 4.f4 e5 5.Nf3 exd4 6.Qxd4 c6 7.Be3 d5 8.exd5 Bc5
9.Qd3 Qe7 10.Kd2 Bb4 11.Re1 Bxc3+ 12.bxc3 cxd5 13.Bd4 Ne4+ 14.Kd1 O-O 15.c4 Ndc5
16.Qe3 Qd6 17.cxd5 Qxd5 18.Bd3 Bf5 19.Bxe4 Nxe4 20.Nh4 Rfe8 21.Nxf5 Qxf5
22.Kc1 Rac8 23.Re2 Nd6 24.Qg3 f6 25.Rxe8+ Rxe8 26.Qb3+ Kh8 27.g3 a5 28.Rd1 b5
29.Qd3 Qxd3 30.Rxd3 Nc4 31.Kd1 h5 32.h3 Kh7 33.Bc3 Kg6 34.g4 hxg4 35.hxg4 Re4
36.Rf3 b4 37.Bd2 Rd4 38.Rd3 Nb2+  0-1

[Event "40th TCh-GRE 2012"]
[Site "Achaea GRE"]
[Date "2012.07.01"]
[Round "3.4"]
[White "Tsarouhas,V"]
[Black "Lagopatis,N"]
[Result "1/2-1/2"]
[WhiteElo "2164"]
[BlackElo "2239"]

1.e4 d6 2.d4 Nf6 3.Nc3 c6 4.f4 Qa5 5.e5 Ne4 6.Qf3 Nxc3 7.Bd2 Bf5 8.Bxc3 Qd5
9.Qxd5 cxd5 10.Kd2 Nc6 11.Nf3 e6 12.Bd3 Bxd3 13.Kxd3 Be7 14.Bd2 Rc8 15.Rhc1 b5
16.a4 a6 17.axb5 axb5 18.Ra6 Kd7 19.Rca1 dxe5 20.Nxe5+ Nxe5+ 21.fxe5 Rc7
22.Rb6 Rhc8 23.c3 b4 24.cxb4 Rc6 25.Rb7+ R8c7 26.Rxc7+ Rxc7 27.Bc3 Rb7 28.Ra4 f6
29.Kc2 fxe5 30.dxe5 h5 31.Kb3 Bc5 32.Ra8 Be3 33.Be1 Bf4 34.Bc3 Be3 35.Rh8 d4
36.Be1 Rc7 37.b5 Rc5 38.Ka4 Rc4+ 39.Kb3 Rc5 40.Ka4 Rc4+ 41.Kb3 Rc5 42.Rxh5 Rxb5+
43.Kc2 Rc5+ 44.Kd3 Rc1 45.Ba5 Rd1+ 46.Ke4 Rb1 47.Rh7 Bh6 48.g4 Ke8 49.h4 Kf7
50.Rh8 Bc1 51.Bb4 Rxb2 52.Bd6 Re2+ 53.Kxd4 Rg2 54.g5 Rg4+ 55.Kc5 Kg6 56.Kc6 Bf4
57.Kd7 Bg3 58.h5+ Kxg5 59.Kxe6 Re4 60.Rh7 g6 61.h6 Re1 62.Be7+ Kh5 63.Bf6 g5
64.Rg7 Kxh6 65.Kf7 Bxe5 66.Rg6+ Kh7 67.Rxg5 Kh6 68.Rg6+ Kh5 69.Rg5+ Kh6 70.Rg6+  1/2-1/2

[Event "e2e4 Buxton Open"]
[Site "Buxton ENG"]
[Date "2012.07.01"]
[Round "5"]
[White "Walton,A"]
[Black "White,K"]
[Result "1-0"]
[WhiteElo "2179"]
[BlackElo "2079"]

1.d4 d6 2.e4 Nf6 3.Nc3 e5 4.Nf3 Nbd7 5.Bc4 h6 6.h3 Be7 7.Be3 c6 8.a4 Qc7
9.O-O g5 10.Qd3 Nf8 11.Ne2 Ng6 12.Qb3 O-O 13.Ng3 Kg7 14.Qc3 g4 15.hxg4 Nxg4
16.Nf5+ Bxf5 17.exf5 Nh4 18.Nxh4 Bxh4 19.dxe5 dxe5 20.Bc5 Rfe8 21.Qh3  1-0

[Event "Perla Baltyku Open 2012"]
[Site "Lazy POL"]
[Date "2012.07.01"]
[Round "2.3"]
[White "Mista,A"]
[Black "Kalinina,O"]
[Result "1-0"]
[WhiteElo "2538"]
[BlackElo "2297"]

1.d4 d6 2.e4 Nf6 3.Nc3 e5 4.Nf3 Nbd7 5.h3 Be7 6.Bd3 O-O 7.O-O Re8 8.Ne2 d5
9.Nxe5 Nxe4 10.c4 Nxe5 11.dxe5 Bc5 12.cxd5 Rxe5 13.Qc2 Bxf2+ 14.Kh2 Qh4 15.Bxe4 Bxh3
16.gxh3 Rae8 17.Kg2 Bc5 18.Ng3 Bd6 19.Bf4 Rxe4 20.Bxd6 Rc4 21.Qf5 f6 22.Rae1  1-0

[Event "15th Vins du Medoc"]
[Site "Naujac sur Mer FRA"]
[Date "2012.07.01"]
[Round "9.13"]
[White "Dierkes,T"]
[Black "L'Hospital,P"]
[Result "1-0"]
[WhiteElo "2107"]
[BlackElo "1895"]

1.d4 d6 2.e4 Nf6 3.Nc3 Nbd7 4.f4 e5 5.Nf3 exd4 6.Nxd4 g6 7.Be2 Bg7 8.O-O O-O
9.Bf3 Re8 10.Re1 Nc5 11.b4 Ne6 12.Nb3 Nd7 13.Qd3 Qf6 14.Nd5 Qd8 15.Rb1 c6
16.Nc3 Qf6 17.Ne2 Qe7 18.Na5 Rd8 19.Rd1 Nb6 20.c4 c5 21.a3 Qc7 22.Bb2 d5
23.cxd5 cxb4 24.Rbc1 Nxf4 25.Rxc7 Nxd3 26.Bxg7  1-0

[Event "Stockholm Master Open 2012"]
[Site "Stockholm SWE"]
[Date "2012.07.01"]
[Round "5.12"]
[White "Jakenberg,Jussi"]
[Black "Wiander,M"]
[Result "1/2-1/2"]
[WhiteElo "2061"]
[BlackElo "2152"]

1.e4 d6 2.d4 Nf6 3.Nc3 c6 4.Nf3 g6 5.a4 Bg7 6.Be2 O-O 7.O-O Qc7 8.h3 Nbd7
9.Be3 b6 10.Nd2 a6 11.f4 Bb7 12.e5 Nd5 13.Nxd5 cxd5 14.Bd3 Nb8 15.c3 Nc6
16.Qe2 Qd7 17.h4 dxe5 18.fxe5 Bc8  1/2-1/2

[Event "40th TCh-GRE 2012"]
[Site "Achaea GRE"]
[Date "2012.07.02"]
[Round "4.9"]
[White "Berg,E"]
[Black "Zubarev,Al1"]
[Result "0-1"]
[WhiteElo "2587"]
[BlackElo "2600"]

1.e4 d6 2.d4 Nf6 3.Nc3 e5 4.Nf3 Nbd7 5.Bc4 Be7 6.O-O O-O 7.a3 c6 8.Re1 a5
9.Ba2 exd4 10.Nxd4 Nc5 11.Qf3 Qb6 12.Nf5 Bxf5 13.Qxf5 Rae8 14.b3 Nfd7 15.Bd2 Bf6
16.Rad1 Re7 17.Kh1 Rfe8 18.f3 g6 19.Qg4 Ne6 20.Ne2 Qc5 21.Bb1 Bg7 22.Qh4 Bf6
23.Qg4 d5 24.exd5 Ne5 25.Qg3 cxd5 26.c3 Qb6 27.Bc2 Nc6 28.h4 Ng7 29.Nf4 Re5
30.Rxe5 Rxe5 31.Re1 Nh5 32.Qg4 Qf2 33.Rxe5 Nxe5 34.Qc8+ Kg7 35.Nxh5+ gxh5
36.Bh6+ Kxh6 37.Qf8+ Bg7 38.Qd6+ Ng6  0-1

[Event "Mulhouse WIM 2012"]
[Site "Mulhouse FRA"]
[Date "2012.07.02"]
[Round "1.2"]
[White "Frey,Al"]
[Black "Choisy,M"]
[Result "0-1"]
[WhiteElo "2047"]
[BlackElo "2174"]

1.e4 d6 2.d4 Nf6 3.Nc3 Nbd7 4.Nf3 e5 5.Bc4 Be7 6.O-O O-O 7.Re1 a6 8.a4 b6
9.d5 Kh8 10.Qe2 Ng8 11.Na2 g6 12.Nb4 Nb8 13.b3 a5 14.Na2 f5 15.exf5 gxf5
16.Bb2 Bf6 17.Rad1 Nd7 18.Nc3 Ne7 19.Nb5 Ng6 20.Qd2 Nc5 21.Kh1 Rg8 22.Bf1 Bb7
23.c4 Bc8 24.Qc2 Rg7 25.Re3 f4 26.Ree1 Bg4 27.Nd2 Nh4 28.f3 Bf5 29.Qc3 Qg8
30.Re2 Rf8 31.Ne4 Nxe4 32.fxe4 f3 33.Rf2 fxg2+ 34.Bxg2 Rxg2  0-1

[Event "NIKI Open 2012"]
[Site "Nachod CZE"]
[Date "2012.07.02"]
[Round "3.3"]
[White "Srejber,M"]
[Black "Voloshin,L"]
[Result "0-1"]
[WhiteElo "2187"]
[BlackElo "2434"]

1.e4 d6 2.d4 Nf6 3.Nc3 e5 4.Nf3 Nbd7 5.Bg5 Be7 6.Bxf6 Bxf6 7.Nd5 O-O 8.c3 exd4
9.Nxd4 Re8 10.f3 c6 11.Nxf6+ Nxf6 12.Bd3 d5 13.O-O c5 14.Nf5 Bxf5 15.exf5 c4
16.Bb1 Qb6+ 17.Rf2 Rad8 18.Qf1 d4 19.cxd4 Rxd4 20.Kh1 Rd1 21.Qxd1 Qxf2 22.Be4 Nxe4
23.fxe4 Qxb2 24.Rb1 Qe5 25.h3 Qxe4 26.f6 gxf6 27.Rc1 b5 28.Qd6 Qe5 29.Qa6 c3
30.Qc6 b4 31.Rf1 Kg7 32.Rxf6 Qxf6 33.Qxe8 c2 34.Qe1 Qg5  0-1

[Event "Stockholm Master Open 2012"]
[Site "Stockholm SWE"]
[Date "2012.07.02"]
[Round "7.7"]
[White "Alarik,M"]
[Black "Bergstrom,R"]
[Result "0-1"]
[WhiteElo "1971"]
[BlackElo "2277"]

1.d4 d6 2.e4 Nf6 3.Nc3 e5 4.Nf3 Nbd7 5.Bc4 Be7 6.O-O O-O 7.h3 c6 8.a4 b6
9.Re1 a6 10.Bf1 Bb7 11.Bg5 h6 12.Bh4 Re8 13.Qd2 Qc7 14.Rad1 b5 15.axb5 axb5
16.b4 Bf8 17.d5 Rab8 18.Bxf6 Nxf6 19.Ra1 Rec8 20.Bd3 cxd5 21.Nxb5 Qb6 22.exd5 e4
23.Na7 exd3 24.Nxc8 Rxc8 25.Qxd3 Bxd5 26.Qd4 Qc6 27.Re3 Qxc2 28.b5 Rb8 29.b6 Qc6
30.Rb1 Rb7 31.Rc3 Qe8 32.Nh4 Be4 33.Re1 Qb5 34.f3 Bc6 35.Rec1 Bd7 36.g4 Rxb6
37.f4 Rb8 38.Nf3 Re8 39.g5 Ne4 40.Re3 d5 41.gxh6 Re6 42.h7+ Kxh7 43.Rxe4 Rxe4
44.Ng5+ Kg8 45.Nxe4 dxe4 46.Qxe4 Bxh3 47.Kh2 Qh5 48.Kg3 Bf5 49.Qf3 Qh3+ 50.Kf2 Qh2+
51.Ke3 Qb2 52.Qc6 g6 53.Rh1 Qa3+ 54.Kf2 Bc5+  0-1

[Event "40th TCh-GRE 2012"]
[Site "Achaea GRE"]
[Date "2012.07.03"]
[Round "5.12"]
[White "Tsekouras,T"]
[Black "Lagopatis,N"]
[Result "0-1"]
[WhiteElo "2231"]
[BlackElo "2239"]

1.e4 d6 2.d4 Nf6 3.Nc3 Nbd7 4.f4 e5 5.Nf3 exd4 6.Qxd4 c6 7.Be3 d5 8.e5 Ng4
9.Bg1 Nh6 10.O-O-O Nf5 11.Qd2 h5 12.Nxd5 cxd5 13.Qxd5 Be7 14.Bb5 Rh6 15.Bc4 Re6
16.Qd3 g6 17.Bxe6 fxe6 18.Nd4 Nc5 19.Qe2 Nxd4 20.Bxd4 Qd5 21.Bxc5 Qxc5 22.Qe4 Kf7
23.Rd3 Qc6 24.Qe2 b6 25.Rc3 Qd5 26.Rd1 Qxa2 27.Qe4 Rb8 28.Rg3 Qa1+ 29.Kd2 Qa5+
30.Ke2 Ba6+ 31.c4 Rg8 32.Rd7 Qa2 33.Rc3 Qxb2+ 34.Rc2 Qa3 35.Qc6 Rc8 36.Rc7 Rxc7
37.Qxc7 Qb3 38.Kd2 Qb4+ 39.Kd3 Qb3+ 40.Kd2 Qb4+ 41.Kd3 Qa5 42.g3 Qd5+ 43.Kc3 Qf3+
44.Kb2 Bb7 45.Rc3 Qg2+ 46.Kb3 b5 47.Rc2 Qf3+ 48.Rc3 Qd1+ 49.Kb2 Be4  0-1

[Event "9th Philadelphia International"]
[Site "Philadelphia USA"]
[Date "2012.07.03"]
[Round "9.6"]
[White "Zapata,Alo"]
[Black "Panjwani,R"]
[Result "1/2-1/2"]
[WhiteElo "2484"]
[BlackElo "2416"]

1.e4 d6 2.d4 Nf6 3.Nc3 Nbd7 4.Nf3 e5 5.g3 Be7 6.Bg2 O-O 7.O-O a6 8.a4 c6
9.a5 Re8 10.Re1 Bf8 11.h3 Qc7 12.Be3 g6 13.Nd2 b5 14.axb6 Nxb6 15.Na4 exd4
16.Bxd4 Nfd7 17.Nxb6 Nxb6 18.c4 c5 19.Bc3 Bb7 20.Ba5 Bc6 21.Ra3 Qa7 22.Qc2 Bg7
23.Rea1 Nd7 24.Bc3 Bxc3 25.Qxc3 Qb7 26.f3 Reb8 27.Nb3 Qb4 28.Na5 Qxc3 29.Rxc3 Rb6
30.Rd3 Bb7 31.f4 Re8 32.Nxb7 Rxb7 33.e5 Rxb2 34.Bc6 Re7 35.Rxd6 Nb6 36.Bd5 Nxd5
37.cxd5 Reb7 38.Rdxa6 Rd2 39.R6a2 Rxd5 40.Rc1 Rb3 41.Kh2 Rdd3 42.Rg2 Rbc3  1/2-1/2

[Event "ch-Pan Americano U20 w 2012"]
[Site "Sao Paulo BRA"]
[Date "2012.07.03"]
[Round "8.5"]
[White "Vescovi,Katherine Lemos"]
[Black "Alboredo,Julia"]
[Result "0-1"]
[WhiteElo "1758"]
[BlackElo "1740"]

1.e4 d6 2.d4 Nf6 3.Nc3 c6 4.f4 Qa5 5.e5 Ne4 6.Bd3 Nxc3 7.Qd2 g6 8.bxc3 dxe5
9.fxe5 Bh6 10.Qxh6 Qxc3+ 11.Ke2 Qxa1 12.Qg7 Rf8 13.Nf3 Qxa2 14.Bh6 Nd7 15.Qxh7 b6
16.Kd2 Ba6 17.Bxa6 Qxa6 18.Ng5 Qc4 19.c3 O-O-O 20.Bxf8 Rxf8 21.Ra1 Nxe5 22.Qh3+ Kb7
23.Qe3 f6 24.Nf3 Nxf3+ 25.gxf3 e5 26.Qh6 Rf7 27.Qxg6 exd4 28.Qd3 dxc3+ 29.Qxc3 Rd7+
30.Kc2 Qe2+  0-1

[Event "40th TCh-GRE 2012"]
[Site "Achaea GRE"]
[Date "2012.07.04"]
[Round "6.7"]
[White "Rogule,L"]
[Black "Voiska,M"]
[Result "1/2-1/2"]
[WhiteElo "2317"]
[BlackElo "2301"]

1.e4 d6 2.d4 Nf6 3.Nc3 e5 4.Nf3 exd4 5.Qxd4 Nc6 6.Bb5 Bd7 7.Bxc6 Bxc6 8.Bg5 Be7
9.O-O-O O-O 10.h4 h6 11.Bf4 Ng4 12.Qd2 Bf6 13.Nd4 Be5 14.Bxe5 Nxe5 15.g4 Bd7
16.Nf5 Kh7 17.Qf4 Be6 18.Ne2 Nc4 19.Neg3 Qf6 20.c3 Qe5 21.Qf3 Qb5 22.Qe2 Qa5
23.a3 Rfe8 24.f4 Bxf5 25.gxf5 Nxa3 26.f6 g6 27.h5 g5 28.e5 Nb5 29.Qc2+ Kh8
30.Kb1 dxe5 31.fxg5 Re6 32.Rd7 Na3+ 33.bxa3 Qb5+ 34.Kc1 Qxd7 35.Ne4 Qc6 36.Rd1 Rg8
37.g6 Rxf6 38.Nxf6 Qxf6 39.Qd2 Qf4 40.gxf7 Rf8 41.Rg1 Rxf7 42.Rg6 Kh7 43.Re6 b5
44.Kc2 Qf5+ 45.Qd3 Kg7 46.Rg6+ Kh7 47.Re6 Kg7 48.Rg6+ Kh7 49.Re6  1/2-1/2

[Event "40th TCh-GRE 2012"]
[Site "Achaea GRE"]
[Date "2012.07.04"]
[Round "6.14"]
[White "Tsekouras,T"]
[Black "Grigoriadis,A"]
[Result "0-1"]
[WhiteElo "2231"]
[BlackElo "2293"]

1.d4 d6 2.e4 Nf6 3.Nc3 e5 4.Nge2 Nbd7 5.g3 Be7 6.Bg2 O-O 7.O-O c6 8.a4 a5
9.h3 Re8 10.Re1 Bf8 11.b3 h6 12.Ba3 Qb6 13.Qd2 exd4 14.Nxd4 Nc5 15.Bb2 Bd7
16.Rad1 Re7 17.Re2 Rae8 18.Rde1 Bc8 19.Kh2 g6 20.f3 Bg7 21.Nd1 Qc7 22.Nf2 Nh5
23.f4 Bd7 24.Bc3 b6 25.Nf3 Nf6 26.e5 Nd5 27.exd6 Qxd6 28.Bxg7 Rxe2 29.Rxe2 Rxe2
30.Qxe2 Kxg7 31.Qe5+ Qf6 32.Qxf6+ Kxf6 33.Nd4 Ne3 34.Bf3 Ke7 35.Ng4 Nxg4+
36.hxg4 Kd6 37.Kg2 b5 38.axb5 cxb5 39.Be2 a4 40.bxa4 bxa4 41.Bc4 Ne6 42.Nf3 Bc6
43.Kf2 Bxf3 44.Kxf3 Kc5 45.Ba2 Kd4 46.f5 Ng5+ 47.Kf4 Nh3+ 48.Kf3 gxf5 49.gxf5 h5
50.c4 f6 51.c5 Ng5+  0-1

[Event "86th ch-ARG 2012"]
[Site "La Plata ARG"]
[Date "2012.07.04"]
[Round "1.19"]
[White "Pichot,A"]
[Black "Martinez,Luciana"]
[Result "1-0"]
[WhiteElo "2287"]
[BlackElo "1488"]

1.e4 d6 2.d4 Nf6 3.Nc3 c6 4.a4 Qc7 5.g3 e5 6.Bg2 Bg4 7.Nge2 Nbd7 8.O-O Be7
9.h3 Bxe2 10.Nxe2 O-O 11.g4 Rac8 12.g5 Ne8 13.f4 f5 14.exf5 Rxf5 15.fxe5 Rxf1+
16.Qxf1 dxe5 17.Qf5 Nd6 18.Qe6+  1-0

[Event "NIKI Open 2012"]
[Site "Nachod CZE"]
[Date "2012.07.04"]
[Round "5.9"]
[White "Karlik,V"]
[Black "Sergienko,S"]
[Result "1/2-1/2"]
[WhiteElo "2329"]
[BlackElo "2402"]

1.d4 d6 2.e4 Nf6 3.Nc3 e5 4.Nge2 Nbd7 5.f3 c6 6.a4 Be7 7.Be3 O-O 8.Qd2 d5
9.exd5 cxd5 10.Ng3 Bb4 11.Be2 exd4 12.Bxd4 Nc5 13.O-O Ne6 14.Rfd1 Nxd4 15.Qxd4 Qa5
16.Kh1 Be6 17.Bd3 Bxc3 18.bxc3 Rac8 19.Qb4 Qc7 20.a5 Qxc3 21.Qxb7 Rc7 22.Qa6 Rd8
23.Rab1 h5 24.Ne2 Qe5 25.Nd4 Bc8 26.Qb5 Re8 27.Qb4 Rb7 28.Qd2 Rxb1 29.Rxb1 h4
30.Bb5 Bd7 31.Bxd7 Nxd7 32.Kg1 Nf6 33.Rb7 h3 34.g3 Qe1+ 35.Qxe1 Rxe1+ 36.Kf2 Rh1
37.g4 Rxh2+ 38.Kg1 Rd2 39.c3 a6 40.Ra7 Ra2 41.Rxa6 Nd7 42.Rd6 Ne5 43.Rxd5 Rg2+
44.Kf1 Nd3 45.Rh5 Rf2+ 46.Kg1 Rg2+  1/2-1/2

[Event "7th Wroclaw Open A"]
[Site "Wroclaw POL"]
[Date "2012.07.04"]
[Round "3.14"]
[White "Markowski,P"]
[Black "Somyk,M"]
[Result "0-1"]
[WhiteElo "2199"]
[BlackElo "1979"]

1.d4 d6 2.e4 Nf6 3.Nc3 e5 4.dxe5 dxe5 5.Qxd8+ Kxd8 6.Bg5 Be6 7.Bb5 c6 8.Ba4 Nd7
9.f3 Kc7 10.Bb3 Nc5 11.Bxe6 Nxe6 12.Bd2 a5 13.Nh3 h6 14.Nf2 Nd4 15.Rc1 Bd6
16.Ncd1 b5 17.Ne3 g6 18.Nd3 Kd7 19.Kf2 Ne6 20.Rhd1 Ke7 21.a4 Nc5 22.b3 Rhd8
23.Bc3 Nfxe4+ 24.fxe4 Nxe4+ 25.Kf3 Nxc3 26.Re1  0-1

[Event "40th TCh-GRE 2012"]
[Site "Achaea GRE"]
[Date "2012.07.05"]
[Round "7.8"]
[White "Berelowitsch,A"]
[Black "Voiska,M"]
[Result "1-0"]
[WhiteElo "2584"]
[BlackElo "2301"]

1.e4 d6 2.d4 Nf6 3.Nc3 e5 4.Nf3 exd4 5.Qxd4 Nc6 6.Bb5 Bd7 7.Bxc6 Bxc6 8.Bg5 Be7
9.O-O-O O-O 10.Rhe1 h6 11.Bf4 Nd7 12.Qe3 Re8 13.Nd4 Bf6 14.Nf5 Ne5 15.Bxe5 Bxe5
16.f4 Bf6 17.Qg3 Qd7 18.Nxh6+ Kf8 19.Nf5 g6 20.e5 Qxf5 21.exf6 Rxe1 22.Qxe1 Qxf6
23.Nd5 Qd8 24.Qc3 Kg8  1-0

[Event "40th TCh-GRE 2012"]
[Site "Achaea GRE"]
[Date "2012.07.05"]
[Round "7.4"]
[White "Tsarouhas,V"]
[Black "Stavrianakis,I"]
[Result "1-0"]
[WhiteElo "2164"]
[BlackElo "2318"]

1.e4 d6 2.d4 Nf6 3.Nc3 Nbd7 4.Nf3 e5 5.Bc4 Be7 6.O-O O-O 7.Re1 c6 8.a4 Qc7
9.Ba2 exd4 10.Nxd4 a5 11.Nf5 Ne5 12.Nxe7+ Qxe7 13.Bf4 Be6 14.h3 Nfd7 15.Kh1 Rad8
16.Bh2 Bxa2 17.Rxa2 Nc5 18.b3 Qh4 19.Bg3 Qh6 20.Ra1 Rd7 21.Qd4 Ne6 22.Qe3 Qxe3
23.Rxe3 g5 24.Rd1 Rfd8 25.Re2 Kf8 26.Red2 Ke7 27.f3 Ng6 28.Bf2 Ngf4 29.Bb6 Ra8
30.Be3 f6 31.g3 Ng6 32.Ne2 Rf8 33.f4 gxf4 34.gxf4 Ng7 35.f5 Ne5 36.Nf4 Ra8
37.Rg2 Kf7 38.Rdg1 Ne8 39.Ne6 Ra6 40.Rg8 Ng6 41.fxg6+ Kxg8 42.gxh7+ Kxh7
43.Nf8+  1-0

[Event "40th TCh-GRE 2012"]
[Site "Achaea GRE"]
[Date "2012.07.05"]
[Round "7.8"]
[White "Svetushkin,D"]
[Black "Zubarev,Al1"]
[Result "1/2-1/2"]
[WhiteElo "2597"]
[BlackElo "2600"]

1.e4 d6 2.d4 Nf6 3.Nc3 e5 4.dxe5 dxe5 5.Qxd8+ Kxd8 6.Bc4 Be6 7.Bxe6 fxe6
8.f3 Nc6 9.Be3 Bb4 10.O-O-O+ Ke7 11.Nb1 Na5 12.Nd2 Bd6 13.Nh3 c5 14.Nf2 c4
15.c3 Rhd8 16.Kc2 b5 17.h4 Nb7 18.h5 h6 19.g3 Bc5 20.Rde1 a5 21.g4 a4 22.a3 Bxe3
23.Rxe3 Nc5 24.Nxc4  1/2-1/2

[Event "35th Barbera Open A"]
[Site "Barbera del Valles ESP"]
[Date "2012.07.05"]
[Round "2.20"]
[White "Amores Gago,Javier"]
[Black "Gomez Ledo,R"]
[Result "0-1"]
[WhiteElo "2135"]
[BlackElo "2428"]

1.e4 d6 2.d4 Nf6 3.Nc3 e5 4.Nf3 Nbd7 5.Bc4 Be7 6.O-O O-O 7.Re1 c6 8.a4 a5
9.Ba2 exd4 10.Nxd4 Nc5 11.h3 Be6 12.Nxe6 fxe6 13.Be3 d5 14.e5 Nfd7 15.f4 Qe8
16.Qg4 Qg6 17.Qxg6 hxg6 18.Kh1 Na6 19.Rad1 Bb4 20.Kh2 Ndc5 21.Rd4 Nxa4 22.Rxb4 Nxc3
23.Rb3 Nxa2 24.c3 N2b4 25.cxb4 axb4 26.Rd3 c5 27.Rdd1 b6 28.g4 d4 29.Bc1 Nc7
30.Kg3 Nd5 31.h4 Ra1 32.Rh1 b5 33.Kf3 b3 34.Ke4 Rxc1 35.Rxc1 Rxf4+ 36.Kd3 c4+
37.Ke2 d3+  0-1